000 00731nam a2200265Ia 4500
003 OSt
005 20221007110908.0
006 a|||||r|||| 00| 0
007 ta
008 221006b |||||||| |||| 00| 0 eng d
024 _a22,092
037 _cTextual
040 _aLCO
_cLCO
_beng
041 _2eng
_aeng
082 _aX72991:(Z2), L9
100 _aRow S.A.L. Narayana
_9707967
245 0 _aIndian Estate Duty Law
250 _a3rd
260 _aDelhi
_bTaxmann Publications Private Limited India
_c1979
300 _avarious
650 _aESTATE DUTY
_9243145
700 _a Rao Ashok
_9521792
942 _hX72991:(Z2), L9
_cTEXL
999 _c1191655
_d1191655